Dune Trivia - Statistics

General Stats
  • This quiz has been taken 76 times
  • The average score is 40 of 66
Answer Stats
Hint Answer % Correct
The Duke of House Atreides as of the beginning of 'Dune' Leto
100%
What is the name of Paul's son Leto II
100%
The last Duke of House Atreides Paul
97%
Bene Gesserit Concubine to the Duke Jessica
93%
Paul's Fremen Concubine Chani
92%
Swordmaster for House Atreides Duncan Idaho
90%
Paul's Sister Alia
88%
Warmaster for House Atreides Gurney Halleck
88%
Paul's Wife Irulan
85%
Fremen name adopted by Paul Muad'Dib
85%
Fremen Naib of Sietch Tabr Stilgar
85%
Precious substance found on Arrakis needed for space travel Spice Melange
82%
Mentat for House Atreides Thufir Hawat
82%
What is precious on Arrakis due to its scarcity Water
82%
Home World of the Fremen Arrakis
80%
Powerful Sisterhood who influence the Imperium through their breeding programme Bene Gesserit
80%
Harkonnen Baron Baron Vladimir Harkonnen
78%
Home World of the Atreides Caladan
77%
Fremen killed by Paul after he invoked the Amtal Rule Jamis
77%
Term meaning 'Voice from the Outer World' Lisan al-Gaib
75%
What is a Fremen settlements called Sietch
73%
What skill can the Bene Gesserit use to control people The Voice
73%
Suk Doctor for House Atreides Wellington Yueh
73%
Younger Harkonnen Na-Baron Feyd Rautha
72%
What is the name of the poisoned needle used to test Paul Gom Jabbar
72%
81st Padishah Emperor Shaddam Corrino IV
72%
Group who control interstellar travel Spacing Guild
72%
Older Harkonnen Na-Baron Glossu "Beast" Rabban Harkonnen
70%
According to the Bene Gesserit, what is the mind killer Fear
68%
Commonly used vehicles for transportation Ornithopter
68%
Used by Fremen to summon a worm Thumper
67%
Paul's 'Sietch name' Usul
65%
The Imperial Ecologist Liet Kynes
63%
Fremen name for sandworms Shai Hulud
63%
The Corporation which controls the economy of the known universe CHOAM
62%
What do Fremen mean by a 'maker' Sandworm
62%
Elite Military Force of the Padishah Emperor Sardaukar
62%
Human Computers developed due to the ban on computers Mentats
58%
Sandworm Bile used to create Reverend Mothers on Dune Water of life
58%
With what does Duke Leto attempt to kill Baron Harkonnen False Poison Tooth
57%
Who did Feyd fight Paul on behalf of The Emperor
57%
What do the Bene Gesserit refer to Alia as Abomination
55%
Fremen weapon made from the tooth of a dead sandworm Crysknife
53%
Home World of the Harkonnens Giedi Prime
53%
Harkonnen Mentat Piter De Vries
53%
Fremen term for Messiah Mahdi
52%
What weapons are banned from use against other Houses by the Great Convention Atomics
48%
Assembly of Noble Houses Landsraad
48%
Group of humans with skills in genetic engineering Bene Tleilax
45%
The Emperor's Prison Planet Salusa Secundus
45%
Skilled Fremen Fighters Fedaykin
43%
What is another word for the Machine Wars Butlerian Jihad
42%
Ixian device used to attempt to assassinate Paul Hunter-seeker
42%
Term meaning 'Shortening of the Way' Kwisatz Haderach
37%
Imperial Truthsayer Gaius Helen Mohiam
35%
Group known for their technological creations such as no-ships Ixians
35%
Larval forms of sandworms Sandtrout
35%
Worn by Fremen to survive in the desert Stillsuits
35%
What machines are found on spice fields Spice Harvesters
28%
A ship invisible to prescience No-ship
23%
Home World of House Corrino Kaitain
22%
What is the Fremen name for a holy woman Sayyadina
22%
The appearance of eyes as a result of spice addiction Eyes of Ibad / blue within blue
20%
Used by Fremen to ride worms Maker hooks
20%
What does a diamond tattoo on one's forehead signify Imperial Conditioning
17%
Where do the Fremen take their dead Deathstills
7%
No matching quizzes found
Score Distribution
Percent of People with Each Score
Percentile by Number Answered
Your Score History
You have not taken this quiz